Respuesta a la Corte Constitucional sobre la emergencia economica (Registro nro. 68418)

Detalles MARC
001 - NÚMERO DE CONTROL
campo de control 139012
005 - FECHA Y HORA DE LA ÚLTIMA TRANSACCIÓN
campo de control 20240201125620.0
008 - DATOS DE LONGITUD FIJA--INFORMACIÓN GENERAL
campo de control de longitud fija 970911nuuuuuuuu spa
035 ## - NÚMERO DE CONTROL DEL SISTEMA
Número de control de sistema 139012
035 ## - NÚMERO DE CONTROL DEL SISTEMA
Número de control de sistema (OCoLC)819755336
040 ## - FUENTE DE LA CATALOGACIÓN
Centro/agencia transcriptor comduadb
041 ## - CÓDIGO DE LENGUA
Código de lengua del texto/banda sonora o título independiente spa
100 10 - ENTRADA PRINCIPAL--NOMBRE DE PERSONA
Nombre de persona Sarmiento Palacio, Eduardo,
Fechas asociadas al nombre 1940-,
Información miscelánea CvLAC
Código de función aut
Número de control del registro de autoridad o número normalizado (isni)0000 0000 8093 994X
-- (viaf)14863221
Término indicativo de función/relación Autor/a
245 10 - MENCIÓN DE TÍTULO
Título Respuesta a la Corte Constitucional sobre la emergencia economica
650 ## - PUNTO DE ACCESO ADICIONAL DE MATERIA--TÉRMINO DE MATERIA
Término de materia o nombre geográfico como elemento de entrada Emergencia económica
9 (RLIN) 21121
773 0# - ENLACE AL DOCUMENTO FUENTE/ENTRADA DE REGISTRO ANFITRIÓN
Título Revista de la Escuela Colombiana de Ingeniería (Bogotá)
Parte(s) relacionada(s) Vol. 07, No. 25, Ene.-Mar. 1997, p. 3-8
Número de control del registro 132655
Número Internacional Normalizado para Publicaciones Seriadas 0121-5132
Número bibliográfico anfitrión 71801
942 ## - ELEMENTOS DE ENTRADA AGREGADA (KOHA)
Tipo de ítem Koha Artículo de Revista

No hay ítems disponibles.